Lectures on Matrix Field Theory (Запис № 452898)

МАРК-запис
000 -LEADER
fixed length control field 04184nam a22006495i 4500
001 - CONTROL NUMBER
control field 978-3-319-46003-1
003 - CONTROL NUMBER IDENTIFIER
control field DE-He213
005 - DATE AND TIME OF LATEST TRANSACTION
control field 20210118151958.0
007 - PHYSICAL DESCRIPTION FIXED FIELD--GENERAL INFORMATION
fixed length control field cr nn 008mamaa
008 - FIXED-LENGTH DATA ELEMENTS--GENERAL INFORMATION
fixed length control field 161124s2017 gw | s |||| 0|eng d
020 ## - INTERNATIONAL STANDARD BOOK NUMBER
International Standard Book Number 9783319460031
-- 978-3-319-46003-1
024 7# - OTHER STANDARD IDENTIFIER
Standard number or code 10.1007/978-3-319-46003-1
Source of number or code doi
050 #4 - LIBRARY OF CONGRESS CALL NUMBER
Classification number QC174.45-174.52
072 #7 - SUBJECT CATEGORY CODE
Subject category code PHQ
Source bicssc
072 #7 - SUBJECT CATEGORY CODE
Subject category code SCI057000
Source bisacsh
072 #7 - SUBJECT CATEGORY CODE
Subject category code PHS
Source thema
082 04 - DEWEY DECIMAL CLASSIFICATION NUMBER
Classification number 530.14
Edition number 23
100 1# - MAIN ENTRY--PERSONAL NAME
Personal name Ydri, Badis.
Relator term author.
Relator code aut
-- http://id.loc.gov/vocabulary/relators/aut
245 10 - TITLE STATEMENT
Title Lectures on Matrix Field Theory
Medium [electronic resource] /
Statement of responsibility, etc by Badis Ydri.
250 ## - EDITION STATEMENT
Edition statement 1st ed. 2017.
264 #1 -
-- Cham :
-- Springer International Publishing :
-- Imprint: Springer,
-- 2017.
300 ## - PHYSICAL DESCRIPTION
Extent XII, 352 p. 8 illus., 6 illus. in color.
Other physical details online resource.
336 ## -
-- text
-- txt
-- rdacontent
337 ## -
-- computer
-- c
-- rdamedia
338 ## -
-- online resource
-- cr
-- rdacarrier
347 ## -
-- text file
-- PDF
-- rda
490 1# - SERIES STATEMENT
Series statement Lecture Notes in Physics,
Міжнародний стандартний серійний номер для назви серії (ISSN) 0075-8450 ;
Том/ позначення послідовності 929
505 0# - FORMATTED CONTENTS NOTE
Formatted contents note Preface.- Introductory Remarks -- The Non-Commutative Moyal-Weyl Spaces Rd -- The Fuzzy Sphere -- Quantum Non-Commutative Phi-Four -- The Multitrace Approach.- Non-Commutative Gauge Theory -- Appendix A - The Landau States -- Appendix B - The Traces TrtAtB and TrtAtBtCtD -- Index.
520 ## - SUMMARY, ETC.
Summary, etc These lecture notes provide a systematic introduction to matrix models of quantum field theories with non-commutative and fuzzy geometries.  The book initially focuses on the matrix formulation of non-commutative and fuzzy spaces, followed by a description of the non-perturbative treatment of the corresponding field theories. As an example, the phase structure of non-commutative phi-four theory is treated in great detail, with a separate chapter on the multitrace approach. The last chapter offers a general introduction to non-commutative gauge theories, while two appendices round out the text. Primarily written as a self-study guide for postgraduate students – with the aim of pedagogically introducing them to key analytical and numerical tools, as well as useful physical models in applications – these lecture notes will also benefit experienced researchers by providing a reference guide to the fundamentals of non-commutative field theory with an emphasis on matrix models and fuzzy geometries.
506 ## - RESTRICTIONS ON ACCESS NOTE
Terms governing access Available to subscribing member institutions only. Доступно лише організаціям членам підписки.
506 ## - RESTRICTIONS ON ACCESS NOTE
Standardized terminology for access restriction Online access from local network of NaUOA.
506 ## - RESTRICTIONS ON ACCESS NOTE
Standardized terminology for access restriction Online access with authorization at https://link.springer.com/
506 ## - RESTRICTIONS ON ACCESS NOTE
Standardized terminology for access restriction Онлайн-доступ з локальної мережі НаУОА.
506 ## - RESTRICTIONS ON ACCESS NOTE
Standardized terminology for access restriction Онлайн доступ з авторизацією на https://link.springer.com/
650 #0 - SUBJECT ADDED ENTRY--TOPICAL TERM
Topical term or geographic name as entry element Quantum field theory.
650 #0 - SUBJECT ADDED ENTRY--TOPICAL TERM
Topical term or geographic name as entry element String theory.
650 #0 - SUBJECT ADDED ENTRY--TOPICAL TERM
Topical term or geographic name as entry element Mathematical physics.
650 #0 - SUBJECT ADDED ENTRY--TOPICAL TERM
Topical term or geographic name as entry element Computer science—Mathematics.
650 #0 - SUBJECT ADDED ENTRY--TOPICAL TERM
Topical term or geographic name as entry element Algebraic geometry.
650 #0 - SUBJECT ADDED ENTRY--TOPICAL TERM
Topical term or geographic name as entry element Quantum physics.
650 14 - SUBJECT ADDED ENTRY--TOPICAL TERM
Topical term or geographic name as entry element Quantum Field Theories, String Theory.
-- http://scigraph.springernature.com/things/product-market-codes/P19048
650 24 - SUBJECT ADDED ENTRY--TOPICAL TERM
Topical term or geographic name as entry element Mathematical Physics.
-- http://scigraph.springernature.com/things/product-market-codes/M35000
650 24 - SUBJECT ADDED ENTRY--TOPICAL TERM
Topical term or geographic name as entry element Math Applications in Computer Science.
-- http://scigraph.springernature.com/things/product-market-codes/I17044
650 24 - SUBJECT ADDED ENTRY--TOPICAL TERM
Topical term or geographic name as entry element Algebraic Geometry.
-- http://scigraph.springernature.com/things/product-market-codes/M11019
650 24 - SUBJECT ADDED ENTRY--TOPICAL TERM
Topical term or geographic name as entry element Quantum Physics.
-- http://scigraph.springernature.com/things/product-market-codes/P19080
710 2# - ADDED ENTRY--CORPORATE NAME
Corporate name or jurisdiction name as entry element SpringerLink (Online service)
773 0# - HOST ITEM ENTRY
Title Springer eBooks
776 08 - ADDITIONAL PHYSICAL FORM ENTRY
Display text Printed edition:
International Standard Book Number 9783319460024
776 08 - ADDITIONAL PHYSICAL FORM ENTRY
Display text Printed edition:
International Standard Book Number 9783319460048
830 #0 - SERIES ADDED ENTRY--UNIFORM TITLE
Uniform title Lecture Notes in Physics,
-- 0075-8450 ;
Volume number/sequential designation 929
856 40 - ELECTRONIC LOCATION AND ACCESS
Uniform Resource Identifier <a href="https://doi.org/10.1007/978-3-319-46003-1">https://doi.org/10.1007/978-3-319-46003-1</a>
912 ## -
-- ZDB-2-PHA
912 ## -
-- ZDB-2-LNP
942 ## - ADDED ENTRY ELEMENTS (KOHA)
Koha item type ЕКнига

Немає доступних примірників.